000 00705nam a22002291 4500
001 sa 64001572
003 DLC
005 20260227112003.0
008 850514s1956 ii f 00000 eng
010 _asa 64001572 //r85
025 _aPL480:I-E-2374
040 _aDLC/ICU
_cICU
043 _aa-ii---
050 0 _aQK490.I4
_bP28 1958
100 1 0 _aParker, R. N.
_q(Richard Neville)
245 1 0 _aCommon Indian trees and how to know them.
_cIllus. by Ganga Singh.
260 0 _aDelhi,
_bManager of Publications,
_c1956 [cover 1958]
300 _a46 p.
_b40 plates.
_c25 cm.
500 _aCover title: Forty trees common in India.
650 0 _aTrees
_zIndia.
740 0 1 _aForty trees common in India.
999 _c56812
_d56812